BIBLIOTECA PODER JUDICIAL
Portal Judicial TDF

El interés superior del niño, niña y adolescente en el caso concreto / (Registro nro. 6218)

000 -LEADER
fixed length control field 01191nab a22002297a 4500
003 - CONTROL NUMBER IDENTIFIER
control field OSt
005 - DATE AND TIME OF LATEST TRANSACTION
control field 20260126003657.0
008 - FIXED-LENGTH DATA ELEMENTS--GENERAL INFORMATION
fixed length control field 190514b xxu||||| |||| 00| 0 spa d
040 ## - CATALOGING SOURCE
Transcribing agency PJ
100 ## - MAIN ENTRY--PERSONAL NAME
9 (RLIN) 6941
Personal name Osella, Georgina Soledad
245 13 - TITLE STATEMENT
Title El interés superior del niño, niña y adolescente en el caso concreto /
Statement of responsibility, etc Georgina Soledad Osella.
300 ## - PHYSICAL DESCRIPTION
Extent p. 58-64
500 ## - GENERAL NOTE
General note Cita: TR LALEY AR/DOC/2116/2024.
505 ## - FORMATTED CONTENTS NOTE
Formatted contents note Sumario: I. El caso.— II. Declaración de adoptabilidad.— III. El interés superior del niño, niña y adolescente.— IV. Familia como medio natural.— V. Derecho a ser oídos y a que su opinión sea tenida en cuenta.— VI. Conclusión.
505 ## - FORMATTED CONTENTS NOTE
Title Fallo comentado: JFamilia, Niñez y Adolescencia Nro. 5, Corrientes ~ 22/03/2024 ~ A., A. J. s/ control de legalidad - medidas excepcionales.
650 #0 - SUBJECT ADDED ENTRY--TOPICAL TERM
9 (RLIN) 967
Topical term or geographic name as entry element DERECHO DE FAMILIA
650 #0 - SUBJECT ADDED ENTRY--TOPICAL TERM
9 (RLIN) 4097
Topical term or geographic name as entry element INTERES SUPERIOR DEL NIÑO
650 #0 - SUBJECT ADDED ENTRY--TOPICAL TERM
9 (RLIN) 5662
Topical term or geographic name as entry element ADOLESCENTES
650 #0 - SUBJECT ADDED ENTRY--TOPICAL TERM
9 (RLIN) 1057
Topical term or geographic name as entry element JURISPRUDENCIA APLICABLE
773 0# - HOST ITEM ENTRY
Host Biblionumber 2844
Host Itemnumber 3222
Place, publisher, and date of publication Buenos Aires : AbeledoPerrot, 1989-
Title Derecho de familia. Revista Interdisciplinaria de doctrina y jurisprudencia. Octubre 2024-V.
International Standard Book Number 18511201
942 ## - ADDED ENTRY ELEMENTS (KOHA)
Source of classification or shelving scheme
Koha item type Analítica Artículo de Revista

No hay ítems disponibles.

12 de Octubre 789 Ushuaia - Tel:  54(02901)441571
Horario de Atención: 8.00 a 17.00 hs. 
bibliotecaush@justierradelfuego.gov.ar
koha@justierradelfuego.gov.ar
Seguinos en nuestras redes @bibliojustdf 

Con tecnología Koha